000 01140nam a2200289 i 4500
003 EG-GICUC
005 20260121101448.0
008 251210m20111432ua ||||fr|||| 000 0 ara d
040 _a EG-GICUC
_bara
_c EG-GICUC
_d EG-GICUC
_erda
041 0 _aara
082 0 4 _221
_a341.83
_bع ن . ق
092 0 4 _221
099 _aLaw1 12 341.83 2011 ع ن . ق
100 1 _aعنايت عبدالحميد ثابت
_eمؤلف.
245 1 2 _aالقيود المفروضة علي ظاهرة انتقال الأفراد عبر الحدود /
_cعنايت عبدالحميد ثابت.
264 1 _a[مكان النشر غير محدد] :
_c[ الناشر غير محدد],
_b2011.
300 _a84 صفحة ؛
_c24 سم.
336 _2rda content
_atext
337 _2rda media
_aComputer
338 _2rda carrier
_aOnline Resource
504 _aيحتوي على ارجاعات ببليوجرافية
546 _aالنص باللغة العربية
650 1 4 _aالاجانب
_xالقانون الدولي الخاص
856 4 0 _uhttps://fll.law.cu.edu.eg/fulltext/bks/B12-01379.pdf
905 _a75
_eHassnaa
942 _2ddc
_cBK
_e21
_n0
999 _c49559
_d49559